|
|
|
|
| LEADER |
01495nam a2200313 u 4500 |
| 001 |
10023880 |
| 003 |
upatras |
| 005 |
20210117205824.0 |
| 008 |
950917s1977 uk eng |
| 020 |
|
|
|a 0713101709
|
| 040 |
|
|
|a GR-PaULI
|c GR-PaULI
|
| 041 |
0 |
|
|a eng
|
| 082 |
0 |
4 |
|a 530.072 4
|
| 100 |
1 |
|
|a Tyler, F.
|9 150023
|
| 245 |
1 |
0 |
|a A laboratory manual of physics
|c F. Tyler
|
| 250 |
|
|
|a 5th edition
|
| 260 |
|
|
|a London
|b Hodder & Stoughton
|c 1977
|
| 300 |
|
|
|a viii, 264 p.
|b fig.
|c 25 cm.
|
| 650 |
|
4 |
|a Ανάλυση σφαλμάτων (Μαθηματικά)
|9 4219
|
| 650 |
|
4 |
|a Φυσική
|x Πειράματα
|9 271
|
| 852 |
|
|
|a GR-PaULI
|b ΠΑΤΡΑ
|b ΒΚΠ
|b ΒΣ1
|k ΑΣΧΞ
|h 530.072 4 T
|m 38076
|p 025000072988
|t 1
|
| 852 |
|
|
|a GR-PaULI
|b ΠΑΤΡΑ
|b ΦΥΣΙΚΟ
|k ΑΕΧ-1
|h 530.1 TYL
|m 05303
|p 025000024825
|t 2
|
| 852 |
|
|
|a GR-PaULI
|b ΠΑΤΡΑ
|b ΦΥΣΙΚΟ
|k ΑΕΧ-1
|h 530.1 TYL
|m 05063
|p 025000024836
|t 3
|
| 942 |
|
|
|2 ddc
|c BK15
|
| 952 |
|
|
|0 0
|1 0
|2 ddc
|4 0
|6 530_072000000000000_4_TYL
|7 0
|9 192551
|a LISP
|b LISP
|c BSC
|d 2016-04-24
|i 38076
|l 0
|o 530.072 4 TYL
|p 025000072988
|r 2016-04-24 00:00:00
|t 1
|w 2016-04-24
|y BK15
|
| 952 |
|
|
|0 0
|1 0
|4 0
|6 530_100000000000000_TYL
|7 0
|9 192552
|a PHYS
|b PHYS
|d 2016-04-24
|i 05303
|l 0
|o 530.1 TYL
|p 025000024825
|r 2016-04-24 00:00:00
|t 2
|w 2016-04-24
|y BK15
|
| 952 |
|
|
|0 0
|1 0
|4 0
|6 530_100000000000000_TYL
|7 0
|9 192553
|a PHYS
|b PHYS
|d 2016-04-24
|i 05063
|l 0
|o 530.1 TYL
|p 025000024836
|r 2016-04-24 00:00:00
|t 3
|w 2016-04-24
|y BK15
|
| 998 |
|
|
|c ΔΡΑΚΟΠΟΥΛΟΥ
|d 1999-09
|
| 999 |
|
|
|c 118033
|d 118033
|